| 000 -LEADER |
| fixed length control field |
00997cam a22002654a 4500 |
| 003 - CONTROL NUMBER IDENTIFIER |
| control field |
OSt |
| 005 - DATE AND TIME OF LATEST TRANSACTION |
| control field |
20200312064903.0 |
| 008 - FIXED-LENGTH DATA ELEMENTS--GENERAL INFORMATION |
| fixed length control field |
100706s2010 ii a b 000 0 eng d |
| 020 ## - INTERNATIONAL STANDARD BOOK NUMBER |
| International Standard Book Number |
9788190080941 |
| 040 ## - CATALOGING SOURCE |
| Original cataloging agency |
DKAGE |
| Language of cataloging |
eng |
| Transcribing agency |
DKAGE |
| Modifying agency |
DLC |
| 042 ## - AUTHENTICATION CODE |
| Authentication code |
lccopycat |
| -- |
lcode |
| 043 ## - GEOGRAPHIC AREA CODE |
| Geographic area code |
a-ii--- |
| 082 04 - DEWEY DECIMAL CLASSIFICATION NUMBER |
| Classification number |
720.954 |
| Edition number |
22 |
| Item number |
PIT |
| 100 1# - MAIN ENTRY--PERSONAL NAME |
| Personal name |
Pitkar, Yashwant. |
| 245 14 - TITLE STATEMENT |
| Title |
The romance of red stone : |
| Remainder of title |
an appreciation of ornament on Islamic architecture in India / |
| Statement of responsibility, etc |
Yashwant Pitkar ; text by Mustansir Dalvi. |
| 260 ## - PUBLICATION, DISTRIBUTION, ETC. (IMPRINT) |
| Place of publication, distribution, etc |
Mumbai : |
| Name of publisher, distributor, etc |
Super Book House, |
| Date of publication, distribution, etc |
c2010. |
| 300 ## - PHYSICAL DESCRIPTION |
| Extent |
254 p. : |
| Other physical details |
chiefly col. ill. ; |
| Dimensions |
29 cm. |
| 504 ## - BIBLIOGRAPHY, ETC. NOTE |
| Bibliography, etc |
Includes bibliographical references (p. 252). |
| 650 #0 - SUBJECT ADDED ENTRY--TOPICAL TERM |
| Topical term or geographic name as entry element |
Decoration and ornament, Architectural |
| Geographic subdivision |
India |
| General subdivision |
History. |
| 650 #0 - SUBJECT ADDED ENTRY--TOPICAL TERM |
| Topical term or geographic name as entry element |
Decoration and ornament, Architectural |
| Geographic subdivision |
India |
| General subdivision |
History |
| Form subdivision |
Pictorial works. |
| 650 #0 - SUBJECT ADDED ENTRY--TOPICAL TERM |
| Topical term or geographic name as entry element |
Architecture, Mogul Empire |
| Geographic subdivision |
India. |
| 650 #0 - SUBJECT ADDED ENTRY--TOPICAL TERM |
| Topical term or geographic name as entry element |
Architecture, Mogul Empire |
| Geographic subdivision |
India |
| Form subdivision |
Pictorial works. |
| 700 1# - ADDED ENTRY--PERSONAL NAME |
| Personal name |
Dalvi, Mustansir. |
| 942 ## - ADDED ENTRY ELEMENTS (KOHA) |
| Source of classification or shelving scheme |
|